MARC details
| 000 -CABECERA |
| campo de control de longitud fija |
01919nam a2200445 i 4500 |
| 001 - NÚMERO DE CONTROL |
| campo de control |
991061731901906706 |
| 003 - IDENTIFICADOR DEL NÚMERO DE CONTROL |
| campo de control |
ES-BaIT |
| 005 - FECHA Y HORA DE LA ÚLTIMA TRANSACCIÓN |
| campo de control |
20260306094045.0 |
| 008 - DATOS DE LONGITUD FIJA--INFORMACIÓN GENERAL |
| campo de control de longitud fija |
260306q17411779sp | 000 d spa c |
| 040 ## - FUENTE DE LA CATALOGACIÓN |
| Centro catalogador/agencia de origen |
ES-BaIT |
| Lengua de catalogación |
cat |
| Normas de descripción |
rda |
| Centro/agencia transcriptor |
ES-BaIT |
| 080 ## - NÚMERO DE LA CLASIFICACIÓN DECIMAL UNIVERSAL |
| Número de la Clasificación Decimal Universal |
860-2"17" |
| 245 00 - MENCIÓN DE TÍTULO |
| Título |
Entremes de los valientes |
| 246 33 - FORMA VARIANTE DE TÍTULO |
| Título propio/Titulo breve |
Valientes |
| 264 #1 - PRODUCCIÓN, PUBLICACIÓN, DISTRIBUCIÓN, FABRICACIÓN Y COPYRIGHT |
| Producción, publicación, distribución, fabricación y copyright |
En Sevilla : |
| Nombre del de productor, editor, distribuidor, fabricante |
por Joseph Padrino, en calle Genova, |
| Fecha de producción, publicación, distribución, fabricación o copyright |
[entre 1741 i 1779?] |
| 300 ## - DESCRIPCIÓN FÍSICA |
| Extensión |
8 pàgines ; |
| Dimensiones |
8º |
| 336 ## - TIPO DE CONTENIDO |
| Término de tipo de contenido |
text |
| Código de tipo de contenido |
txt |
| Fuente |
rdacontent |
| 337 ## - TIPO DE MEDIO |
| Nombre/término del tipo de medio |
sense mediació |
| Código del tipo de medio |
n |
| Fuente |
rdamedia |
| 338 ## - TIPO DE SOPORTE |
| Nombre/término del tipo de soporte |
volum |
| Código del tipo de soporte |
nc |
| Fuente |
rdacarrier |
| 500 ## - NOTA GENERAL |
| Nota general |
Dades d'edició obtingudes del colofó |
| 500 ## - NOTA GENERAL |
| Nota general |
Data d'edició deduïda dels anys d'activitat de l'editor |
| 500 ## - NOTA GENERAL |
| Nota general |
Sign.: A⁴ |
| 530 ## - NOTA DISPONIBLE DE FORMULARIO FÍSICO ADICIONAL |
| Nota de formato físico adicional disponible |
Reproducció digital disponible a Biblioescènic |
| 593 ## - Camps col·lecció exemplar |
| Signatura topogràfica i/o núm. de registre |
VIT-084/07. |
| Notes |
Relligat en volum factici. |
| Digitalització |
Exemplar digitalitzat per Crossland, 2022. |
| Nom de la col·lecció especial |
Artur Sedó |
| 593 00 - Camps col·lecció exemplar |
| Notes |
holand. azul (Entremeses raros VIII) |
| 593 00 - Camps col·lecció exemplar |
| Notes |
holand. granate. Entreneses ardo luces. Procedència: Col·lecció Joaquín Montaner |
| 655 #7 - TÉRMINO DE INDIZACIÓN--GÉNERO/FORMA |
| Datos o término principal de género/forma |
Entremesos castellans |
| Subdivisión cronológica |
S. XVIII |
| Fuente del término |
lemac |
| 9 (RLIN) |
168430 |
| 700 1# - ENTRADA AGREGADA--NOMBRE PERSONAL |
| Nombre de persona |
Padrino, José, |
| Fechas asociadas al nombre |
aproximadament 1748-1775? |
| Término indicativo de función/relación |
impressor |
| 9 (RLIN) |
162698 |
| 730 0# - ENTRADA AGREGADA--TÍTULO UNIFORME |
| Título uniforme |
Col·lecció digital Biblioescènic del MAE |
| 9 (RLIN) |
69172 |
| 752 ## - ENTRADA AGREGADA--NOMBRE JERÁRQUICO DEL LUGAR |
| País o entidad superior |
Espanya |
| Ciudad |
Madrid |
| 856 41 - LOCALIZACIÓN Y ACCESO ELECTRÓNICOS |
| Nombre del host |
Accés lliure (Biblioescènic) |
| Identificador Uniforme del Recurso |
<a href="https://books.cdmae.cat/visorpdf/?recurs=SV0084-07">https://books.cdmae.cat/visorpdf/?recurs=SV0084-07</a> |
| 856 41 - LOCALIZACIÓN Y ACCESO ELECTRÓNICOS |
| Nota pública |
Accés lliure (Biblioteca Digital Hispánica) |
| Identificador Uniforme del Recurso |
<a href="https://bnedigital.bne.es/bd/card?id=34389227-6e76-407a-a95c-bb94153ead4e">https://bnedigital.bne.es/bd/card?id=34389227-6e76-407a-a95c-bb94153ead4e</a> |
| 856 42 - LOCALIZACIÓN Y ACCESO ELECTRÓNICOS |
| Especificación de materiales |
Fitxa del catàleg manual |
| Identificador Uniforme del Recurso |
<a href="http://www.cdmae.cat/sedo/imgtitulos/069/P0001594.gif">http://www.cdmae.cat/sedo/imgtitulos/069/P0001594.gif</a> |
| 856 42 - LOCALIZACIÓN Y ACCESO ELECTRÓNICOS |
| Especificación de materiales |
Fitxa del catàleg manual |
| Identificador Uniforme del Recurso |
<a href="http://www.cdmae.cat/sedo/imgtitulos/069/P0001595.gif">http://www.cdmae.cat/sedo/imgtitulos/069/P0001595.gif</a> |
| 902 ## - ELEMENTOS DE DATOS B LOCAL, LDB (RLIN) |
| a |
Fons antic |
| 902 ## - ELEMENTOS DE DATOS B LOCAL, LDB (RLIN) |
| a |
Patrimoni |
| 908 ## - COLOCAR PARÁMETRO DE COMANDO (RLIN) |
| Colocar parámetro de comando |
CDMAE |
| 940 ## - EQUIVALENCIA O REFERENCIA-CRUZADA--TÍTULO UNIFORME [OBSOLETO] [solamente CAN/MARC] |
| Título uniforme |
<a href="CDMAE">CDMAE</a> |
| 942 ## - ELEMENTOS DE ENTRADA AGREGADA (KOHA) |
| Fuente del sistema de clasificación o colocación |
Clasificación decimal universal |
| Tipo de ítem Koha |
Digital |